| 000 | 00729nam a2200253Ia 4500 | ||
|---|---|---|---|
| 001 | Para_57 | ||
| 003 | CHAP | ||
| 008 | 220125s1981 xx 000 0 und d | ||
| 010 | _a198630 | ||
| 040 | _cCHAP | ||
| 090 | _aPA FOLLETO 61 1981 | ||
| 110 |
_aMéxico. Derección General de Sanidad Vegetal _9163910 |
||
| 245 |
_aManual de plaguicidas autorizados en el cultivo de hortalizas para 1981 / _c por DGSV |
||
| 260 |
_aMéxico : _b La Dirección |
||
| 300 | _a94 p. | ||
| 650 |
_aPesticidas _xEfecto en plantas _987553 |
||
| 901 | _aPA FOLLETO 61 1981 | ||
| 902 | _aA | ||
| 905 | _a0000001981 0000000000 00 | ||
| 910 | _a1981 | ||
| 942 | _cPARA | ||
| 942 |
_cPARA _d1 |
||
| 999 |
_c198630 _d198630 |
||